000
00319 a2200157 4500
001
57115
020
_a
8532511341
040
_c
Anchieta - Pituba
100
_a
Applegate, K. A.
240
1
0
_a
A intrusa
_l
por
245
1
0
_a
A intrusa
300
_a
148
362
0
_a
2000
650
4
_a
Literatura juvenil
942
_c
BK
999
_c
57115
_d
57115